Owen Glen (Запис № 281670)

МАРК-запис
000 -Лідер
fixed length control field 01574nam a22002417a 4500
001 - Контрольний номер
control field 2162214035926737
003 - Ідентифікатор контрольного номера
control field UA-OsUOA
005 - Дата та час останнього входження (трансакції)
control field 20260417105418.0
008 - Елементи даних фіксованої довжини – загальна інформація
fixed length control field 260417b -us||||| |||| 00| f eng d
040 ## - Джерело каталогізації
Агенція оригінальної каталогізації UA-OsUOA
Мова каталогізації eng
Агенція, яка здійснювала перезапис UA-OsUOA
Агенція, яка здійснювала модифікацію UA-OsUOA
041 ## - Код мови
Код мови тексту/ звукової доріжки чи окремого заголовка (П) eng
080 ## - Індекс Універсальної десяткової класифікації
Індекс Універсальної десяткової класифікації (УДК) (НП) 821.111(73)
090 ## - Локальний шифр розміщення
Класифікаційний індекс УДК 821.111(73)
Авторський знак (НП) W69
100 ## - Основне введення – ім’я особи
Ім’я особи (НП) Williams B. A.
9 (RLIN) 24977
245 ## - Відомості про назву
Назва (НП) Owen Glen
Дані про відповідальність (НП) Ben Ames Williams
260 ## - Публікація, розповсюдження і т.п. (Вихідні дані)
Місце публікації, розповсюдження і т.п. (П) Boston
Ім’я/ наймення видавництва, розповсюджувача і т.п. (П) Houghton Mifflin Company
Дата публікації, розповсюдження і т.п. (П) 1950
300 ## - Фізичний опис
Обсяг 629 p.
520 ## - Резюме і т.п.
Резюме, реферат, анотація, тощо (НП) Owen Glen is a sweeping historical novel set in the 1890s in a small coal-mining town in southern Ohio. The story follows the formative years of the title character, Owen Glen, a young Welsh-American boy who begins working in the mines at a very early age.<br/>Through Owen's eyes, Ben Ames Williams provides a detailed and realistic portrayal of the social and economic struggles of the era, focusing on the rise of the United Mine Workers and the harsh realities of labor relations. As Owen matures, he becomes a leader and a voice for his community, navigating the complexities of politics, family loyalty, and personal ambition.<br/>The novel is celebrated for its deep character development and its authentic depiction of a pivotal time in American industrial history, blending a personal coming-of-age story with the broader narrative of the labor movement.
650 ## - Додаткове предметне введення – тематичний термін
Тематичний термін чи географічна назва, як елемент введення (НП) 821 Художня література окремими мовами і мовними сім'ями
9 (RLIN) 17
942 ## - Додаткові елементи входу (Коха)
Тип елемента Koha Книги
Source of classification or shelving scheme Universal Decimal Classification
955 ## - Код типу видання за змістом
Код типу видання за змістом (НП) Літературно-художні видання
Фонди
Стан вилучень Стан втрат Джерело класифікації або схеми стелажів Стан уражень Не для кредиту Постійне місце розташування Поточне розміщення Дата придбання Вартість, звичайна ціна покупки Інвентарний номер Усього замовленно Повний номер виклику Штрих-код Дата останнього перегляду Вартість, ціна заміни Ціна ефективна від Тип елемента Koha
    Universal Decimal Classification     ВІЛ - Відділ іноземн. літератури НБ ВІЛ - Відділ іноземн. літератури НБ 08/08/2005 40.00 208567   821.111(73) W69 208567 29/01/2019 40.00 26/12/2005 Книги